000 00219nam a22000977a 4500
082 _a621.381 ELE'C
245 _aELECTRONIC POWERS SUPPLIES
260 _aUSA
_bUS DEPARTMENT OF ARMY
_c1951
300 _a103P
942 _cBK
999 _c582537
_d582537